000 00286nam a2200121Ia 4500
005 20251222141843.0
008 251222s9999||||xx |||||||||||||| ||spa||
082 _a869.56/F63
100 _aFlores Quelopana, Gustavo
245 0 _aCadencias MetafĂ­sica
264 _bIIPCIAL
942 _cLIB
999 _c7471
_d7471